[Event "Gatineau op"]
[Site "Gatineau CAN"]
[Date "2013.03.01"]
[Round "1"]
[White "Adriaanse, Adam"]
[Black "Pacey, Kevin"]
[Result "0-1"]
[WhiteElo "1907"]
[BlackElo "2208"]
[PlyCount "82"]
[GameId "2160767909381439"]
[EventDate "2013.03.01"]
[EventType "swiss"]
[EventRounds "5"]
[EventCountry "CAN"]
[SourceTitle "EXT 2022"]
[Source "ChessBase"]
[SourceDate "2021.10.06"]
[SourceVersion "1"]
[SourceVersionDate "2021.10.06"]
[SourceQuality "1"]

1. d4 Nf6 2. c4 e6 3. Nf3 d5 4. Bg5 Be7 5. Nc3 O-O 6. e3 Nbd7 7. Be2 a6 8. O-O dxc4 9. Bxc4 b5 10. Be2 Bb7 11. Qc2 Rc8 12. Rac1 c5 13. Qb1 h6 14. Bh4 c4 15. Nd2 e5 16. dxe5 Nxe5 17. Rfd1 Qb6 18. Bg3 Qe6 19. Bxe5 Qxe5 20. Bf3 Bxf3 21. Nxf3 Qc5 22. a3 Rfd8 23. Nd4 Bd6 24. Nde2 Qh5 25. Ng3 Bxg3 26. hxg3 Qe5 27. Rc2 Rd6 28. Rcd2 Rcd8 29. Qc2 R8d7 30. Ne2 Rxd2 31. Rxd2 Rxd2 32. Qxd2 Qd5 33. Nd4 Qe4 34. Qd1 Nd5 35. Qd2 Qb1+ 36. Kh2 Nf6 37. f3 Qd3 38. Qe2 Nd5 39. e4 Ne3 40. Qxd3 cxd3 41. Nb3 Nc4 0-1

[Event "Gatineau op"]
[Site "Gatineau CAN"]
[Date "2013.03.01"]
[Round "1"]
[White "Bertrand, Daryl"]
[Black "Lavergne, Daniel"]
[Result "0-1"]
[WhiteElo "2081"]
[BlackElo "1683"]
[PlyCount "80"]
[GameId "2160767909381440"]
[EventDate "2013.03.01"]
[EventType "swiss"]
[EventRounds "5"]
[EventCountry "CAN"]
[SourceTitle "EXT 2022"]
[Source "ChessBase"]
[SourceDate "2021.10.06"]
[SourceVersion "1"]
[SourceVersionDate "2021.10.06"]
[SourceQuality "1"]

1. e4 c5 2. d4 cxd4 3. c3 d3 4. Bxd3 d6 5. Nf3 g6 6. O-O Bg7 7. Bc4 Nc6 8. Qe2 Qc7 9. h3 Nf6 10. Bf4 e5 11. Bh2 O-O 12. Rd1 Na5 13. Bd3 Be6 14. Nbd2 h6 15. c4 Rac8 16. Rac1 b6 17. b4 Nb7 18. Nb3 Qe7 19. Nfd2 Nd7 20. Nf1 Qg5 21. Bg3 h5 22. h4 Qh6 23. Bb1 f5 24. f3 f4 25. Bf2 g5 26. c5 bxc5 27. Qa6 Rc7 28. bxc5 dxc5 29. hxg5 Qg6 30. Bd3 Kh7 31. Bh4 Nb8 32. Qxa7 Rfc8 33. Bc4 Bxc4 34. Rxc4 Nd6 35. Qa4 Nxc4 36. Qxc4 Bf8 37. Rd5 Nd7 38. Qc2 c4 39. Na5 Bb4 40. Qa4 Bc5+ 0-1

[Event "Gatineau op"]
[Site "Gatineau CAN"]
[Date "2013.03.01"]
[Round "1"]
[White "Doubleday, William"]
[Black "Tomalty, Alan"]
[Result "1-0"]
[WhiteElo "2025"]
[BlackElo "1767"]
[PlyCount "37"]
[GameId "2160767909381441"]
[EventDate "2013.03.01"]
[EventType "swiss"]
[EventRounds "5"]
[EventCountry "CAN"]
[SourceTitle "EXT 2022"]
[Source "ChessBase"]
[SourceDate "2021.10.06"]
[SourceVersion "1"]
[SourceVersionDate "2021.10.06"]
[SourceQuality "1"]

1. d4 d5 2. c4 c6 3. e3 Nf6 4. Nc3 e6 5. Nf3 Be7 6. Bd3 O-O 7. O-O Nbd7 8. e4 dxe4 9. Nxe4 Nxe4 10. Bxe4 Nf6 11. Bc2 h6 12. Qd3 Qa5 13. Bd2 Qh5 14. Rfe1 g5 15. Ne5 g4 16. Re3 Rd8 17. Rg3 Kf8 18. h3 Qf5 19. Qe2 1-0

[Event "Gatineau op"]
[Site "Gatineau CAN"]
[Date "2013.03.01"]
[Round "1"]
[White "Dunne, Francesco"]
[Black "De Kerpel, Stijn"]
[Result "1/2-1/2"]
[WhiteElo "1859"]
[BlackElo "2128"]
[PlyCount "55"]
[GameId "2160767909381442"]
[EventDate "2013.03.01"]
[EventType "swiss"]
[EventRounds "5"]
[EventCountry "CAN"]
[SourceTitle "EXT 2022"]
[Source "ChessBase"]
[SourceDate "2021.10.06"]
[SourceVersion "1"]
[SourceVersionDate "2021.10.06"]
[SourceQuality "1"]

1. e4 c5 2. Nc3 Nc6 3. g3 g6 4. Bg2 Bg7 5. d3 d6 6. Be3 e6 7. Qd2 Rb8 8. Nf3 a6 9. d4 Qe7 10. O-O Nf6 11. h3 O-O 12. dxc5 dxc5 13. e5 Nd7 14. Bg5 Qe8 15. Ne4 f6 16. exf6 Nxf6 17. Nxc5 b6 18. Nd3 Ne4 19. Qe3 Nxg5 20. Qxg5 a5 21. Rfe1 Ba6 22. Qe3 Bxd3 23. Qxd3 Bxb2 24. Rab1 Bf6 25. Qb3 Nd4 26. Nxd4 Bxd4 27. Rxe6 Qf7 28. Rxg6+ 1/2-1/2

[Event "Gatineau op"]
[Site "Gatineau CAN"]
[Date "2013.03.01"]
[Round "1"]
[White "Groleau, Gilles"]
[Black "Voloaca, Mihnea"]
[Result "0-1"]
[WhiteElo "1969"]
[BlackElo "2361"]
[PlyCount "106"]
[GameId "2160767909381443"]
[EventDate "2013.03.01"]
[EventType "swiss"]
[EventRounds "5"]
[EventCountry "CAN"]
[SourceTitle "EXT 2022"]
[Source "ChessBase"]
[SourceDate "2021.10.06"]
[SourceVersion "1"]
[SourceVersionDate "2021.10.06"]
[SourceQuality "1"]

1. e4 c5 2. Nc3 e6 3. f4 d5 4. exd5 exd5 5. Nf3 Nf6 6. Bb5+ Nc6 7. O-O Be7 8. Ne5 Qc7 9. Qf3 Be6 10. d3 O-O 11. Bxc6 bxc6 12. Bd2 Nd7 13. Nxd7 Bxd7 14. f5 Bf6 15. Bf4 Qb6 16. Rab1 Bxf5 17. Bd6 Rfd8 18. Na4 Qb5 19. Bxc5 Qxa4 20. Qxf5 Qxc2 21. d4 Qxf5 22. Rxf5 Re8 23. Kf1 Rab8 24. Rf2 Re4 25. Rc2 Rf4+ 26. Rf2 Rxf2+ 27. Kxf2 Re8 28. b4 a6 29. a4 Re4 30. b5 cxb5 31. axb5 axb5 32. Rxb5 h5 33. h3 Bxd4+ 34. Bxd4 Rxd4 35. Ke3 Re4+ 36. Kd3 Re5 37. Kd4 f6 38. Rxd5 Rxd5+ 39. Kxd5 h4 40. Ke6 Kf8 41. Kf5 Kf7 42. Kg4 g5 43. Kf5 Ke7 44. Ke4 Ke6 45. Ke3 Ke5 46. Kf3 Kd5 47. Ke2 Ke4 48. Kf2 Kf4 49. Kf1 Kg3 50. Kg1 f5 51. Kf1 f4 52. Kg1 f3 53. gxf3 Kxf3 0-1

[Event "Gatineau op"]
[Site "Gatineau CAN"]
[Date "2013.03.01"]
[Round "1"]
[White "Hamilton, Robert"]
[Black "Guimond, Michel"]
[Result "1-0"]
[WhiteElo "2360"]
[BlackElo "1941"]
[PlyCount "81"]
[GameId "2160767909381444"]
[EventDate "2013.03.01"]
[EventType "swiss"]
[EventRounds "5"]
[EventCountry "CAN"]
[SourceTitle "EXT 2022"]
[Source "ChessBase"]
[SourceDate "2021.10.06"]
[SourceVersion "1"]
[SourceVersionDate "2021.10.06"]
[SourceQuality "1"]

1. d4 g6 2. e4 Bg7 3. c3 d6 4. f4 Nf6 5. Bd3 e5 6. Nf3 exd4 7. cxd4 O-O 8. Nc3 c6 9. O-O b5 10. Kh1 a5 11. a3 Ba6 12. Be3 b4 13. axb4 axb4 14. Ne2 Qb6 15. Bg1 Nbd7 16. e5 Nd5 17. exd6 f6 18. f5 Bxd3 19. Qxd3 g5 20. Ng3 Qb5 21. Qxb5 cxb5 22. Ne4 N7b6 23. Rfc1 Rxa1 24. Rxa1 Rd8 25. Ra5 Bf8 26. Rxb5 Kf7 27. Ne5+ fxe5 28. dxe5 Ra8 29. h4 Ra1 30. Nxg5+ Ke8 31. Kh2 Rxg1 32. Kxg1 Kd7 33. Nxh7 Bh6 34. Ng5 Kc6 35. Ra5 Ne3 36. Ra7 Nxf5 37. Rc7+ Kd5 38. d7 Bxg5 39. hxg5 Nxd7 40. Rxd7+ Kxe5 41. Rb7 1-0

[Event "Gatineau op"]
[Site "Gatineau CAN"]
[Date "2013.03.01"]
[Round "1"]
[White "Libersan, Mattieu"]
[Black "Oussedik, Elias"]
[Result "0-1"]
[WhiteElo "1934"]
[BlackElo "2253"]
[PlyCount "44"]
[GameId "2160767909381446"]
[EventDate "2013.03.01"]
[EventType "swiss"]
[EventRounds "5"]
[EventCountry "CAN"]
[SourceTitle "EXT 2022"]
[Source "ChessBase"]
[SourceDate "2021.10.06"]
[SourceVersion "1"]
[SourceVersionDate "2021.10.06"]
[SourceQuality "1"]

1. e4 e6 2. d4 d5 3. Nc3 Nf6 4. Bg5 Be7 5. e5 Nfd7 6. h4 O-O 7. Qg4 Kh8 8. O-O-O c5 9. Nf3 cxd4 10. Qxd4 Nc6 11. Qf4 f6 12. exf6 Nxf6 13. Qg3 Bd6 14. Bxf6 Rxf6 15. Qg4 Bf4+ 16. Kb1 e5 17. Qh5 g6 18. Rxd5 gxh5 19. Rxd8+ Nxd8 20. Ne4 Rf8 21. Bd3 Nc6 22. Nd6 Be6 0-1

[Event "Gatineau op"]
[Site "Gatineau CAN"]
[Date "2013.03.01"]
[Round "1"]
[White "Scantland, Patrick"]
[Black "Kalra, Agastya"]
[Result "0-1"]
[WhiteElo "1837"]
[BlackElo "2101"]
[PlyCount "96"]
[GameId "2160767909381447"]
[EventDate "2013.03.01"]
[EventType "swiss"]
[EventRounds "5"]
[EventCountry "CAN"]
[SourceTitle "EXT 2022"]
[Source "ChessBase"]
[SourceDate "2021.10.06"]
[SourceVersion "1"]
[SourceVersionDate "2021.10.06"]
[SourceQuality "1"]

1. d4 Nf6 2. c4 c5 3. e3 g6 4. Nf3 Bg7 5. Nc3 cxd4 6. exd4 O-O 7. Be2 d5 8. c5 b6 9. cxb6 Qxb6 10. O-O Ne4 11. Nxd5 Qd6 12. Nc3 Bb7 13. Be3 Rd8 14. Qb3 Bd5 15. Nxd5 Qxd5 16. Bc4 Qf5 17. Rfd1 Nc6 18. Qb5 Qxb5 19. Bxb5 Nb4 20. Ba4 Rac8 21. a3 Nc2 22. Bxc2 Rxc2 23. b4 Nc3 24. Rd2 Rxd2 25. Bxd2 Ne2+ 26. Kf1 Nxd4 27. Nxd4 Rxd4 28. Ra2 Rc4 29. a4 f5 30. b5 Kf7 31. Be3 Bd4 32. a5 Bxe3 33. fxe3 Ke6 34. Rb2 Kd6 35. b6 axb6 36. axb6 Rc8 37. Ke2 Kc6 38. Kf3 Rb8 39. Kf4 Rxb6 40. Rxb6+ Kxb6 41. Ke5 Kc7 42. Ke6 Kd8 43. Kf7 e5 44. Kg7 f4 45. e4 g5 46. h3 h5 47. Kf6 g4 48. Kxe5 gxh3 0-1

[Event "Gatineau op"]
[Site "Gatineau CAN"]
[Date "2013.03.01"]
[Round "1"]
[White "Smilovici, Emil"]
[Black "Hambleton, Aman"]
[Result "0-1"]
[WhiteElo "2010"]
[BlackElo "2584"]
[PlyCount "34"]
[GameId "2160767909381448"]
[EventDate "2013.03.01"]
[EventType "swiss"]
[EventRounds "5"]
[EventCountry "CAN"]
[SourceTitle "EXT 2022"]
[Source "ChessBase"]
[SourceDate "2021.10.06"]
[SourceVersion "1"]
[SourceVersionDate "2021.10.06"]
[SourceQuality "1"]

1. e4 b6 2. d4 Bb7 3. Bd3 Nf6 4. Nc3 e6 5. Nf3 Bb4 6. Qe2 d5 7. e5 Ne4 8. Bxe4 dxe4 9. Ng5 Qxd4 10. O-O Bxc3 11. bxc3 Qxe5 12. Qh5 Qf5 13. Qh4 f6 14. Nh3 e5 15. g4 Qf3 16. Be3 h5 17. g5 Bc8 0-1

[Event "Gatineau op"]
[Site "Gatineau CAN"]
[Date "2013.03.01"]
[Round "1"]
[White "Sun, Mike"]
[Black "Yang, Ryan2"]
[Result "0-1"]
[WhiteElo "2120"]
[BlackElo "1866"]
[PlyCount "70"]
[GameId "2160767909381449"]
[EventDate "2013.03.01"]
[EventType "swiss"]
[EventRounds "5"]
[EventCountry "CAN"]

1. e4 c5 2. Nc3 Nc6 3. Bb5 Nf6 4. Bxc6 bxc6 5. f4 d6 6. Nf3 g6 7. O-O Bg7 8. d3 O-O 9. Qe1 Bg4 10. Qf2 Rb8 11. Rb1 Nd7 12. Be3 Qa5 13. Bd2 Bxf3 14. gxf3 Bd4 15. Be3 Bxc3 16. bxc3 Qxc3 17. f5 Qg7 18. Qh4 Qf6 19. Qh3 Nb6 20. Rb3 c4 21. dxc4 Nxc4 22. Bxa7 Ra8 23. Rb7 Rxa7 24. Rxa7 Qd4+ 25. Kh1 Qxa7 26. fxg6 hxg6 27. Rg1 Qxa2 28. Qh6 Ne5 29. f4 Qxc2 30. fxe5 Qxe4+ 31. Rg2 Rb8 32. h4 Rb1+ 33. Kh2 Qxe5+ 34. Rg3 Rb2+ 35. Kh3 Qf5+ 0-1

[Event "Gatineau op"]
[Site "Gatineau CAN"]
[Date "2013.03.01"]
[Round "1"]
[White "Tessier, Olivier"]
[Black "Bleau, John"]
[Result "0-1"]
[WhiteElo "2134"]
[BlackElo "1899"]
[PlyCount "64"]
[GameId "2160767909381450"]
[EventDate "2013.03.01"]
[EventType "swiss"]
[EventRounds "5"]
[EventCountry "CAN"]
[SourceTitle "EXT 2022"]
[Source "ChessBase"]
[SourceDate "2021.10.06"]
[SourceVersion "1"]
[SourceVersionDate "2021.10.06"]
[SourceQuality "1"]

1. d4 Nf6 2. Nc3 d5 3. Bg5 g6 4. f3 Bg7 5. e4 dxe4 6. fxe4 c5 7. d5 Qa5 8. Qd2 Qb4 9. Bb5+ Bd7 10. Bxf6 Bxf6 11. Bxd7+ Nxd7 12. Nge2 Ne5 13. O-O Nc4 14. Qf4 O-O 15. a3 Qb6 16. b3 Be5 17. Qh4 Ne3 18. Rf3 c4 19. Kh1 Nxc2 20. Rg1 Bf6 21. Qh6 Bg7 22. Qh4 cxb3 23. g4 h6 24. e5 Nd4 25. Nxd4 Qxd4 26. Rh3 g5 27. Qe1 Qxe5 28. Re3 Qd4 29. Rgg3 Rac8 30. Rd3 Qf4 31. d6 exd6 32. Nd5 Rc1 0-1

[Event "Gatineau op"]
[Site "Gatineau CAN"]
[Date "2013.03.01"]
[Round "1"]
[White "Valdizon, Armando"]
[Black "Lebrun, Roger"]
[Result "1-0"]
[WhiteElo "2225"]
[BlackElo "1924"]
[PlyCount "55"]
[GameId "2160767909381451"]
[EventDate "2013.03.01"]
[EventType "swiss"]
[EventRounds "5"]
[EventCountry "CAN"]
[SourceTitle "EXT 2022"]
[Source "ChessBase"]
[SourceDate "2021.10.06"]
[SourceVersion "1"]
[SourceVersionDate "2021.10.06"]
[SourceQuality "1"]

1. Nf3 Nf6 2. d4 g6 3. c4 Bg7 4. Nc3 O-O 5. e4 d6 6. Bg5 Nbd7 7. Qd2 c6 8. Be2 Re8 9. O-O a6 10. a4 Rb8 11. h3 b5 12. axb5 axb5 13. cxb5 cxb5 14. Bxb5 Nxe4 15. Nxe4 Rxb5 16. Nxd6 Rxg5 17. Nxe8 Rd5 18. Nxg7 Kxg7 19. Qb4 Nb6 20. Ra7 Rd6 21. Rc1 Bf5 22. Qa5 f6 23. Rcc7 Nd5 24. Rc5 Qg8 25. Nd2 Rd8 26. Nc4 Be6 27. Ne3 Qf7 28. Qxd8 1-0

[Event "Gatineau op"]
[Site "Gatineau CAN"]
[Date "2013.03.02"]
[Round "2"]
[White "De Kerpel, Stijn"]
[Black "Martin, Spencer"]
[Result "1/2-1/2"]
[WhiteElo "2128"]
[BlackElo "1955"]
[PlyCount "119"]
[GameId "2160767909381453"]
[EventDate "2013.03.01"]
[EventType "swiss"]
[EventRounds "5"]
[EventCountry "CAN"]
[SourceTitle "EXT 2022"]
[Source "ChessBase"]
[SourceDate "2021.10.06"]
[SourceVersion "1"]
[SourceVersionDate "2021.10.06"]
[SourceQuality "1"]

1. c4 Nf6 2. g3 g6 3. Bg2 Bg7 4. Nc3 O-O 5. e4 d6 6. Nge2 e5 7. O-O Nc6 8. d3 Ne8 9. Rb1 f5 10. Nd5 Ne7 11. Bg5 Nf6 12. Nxf6+ Bxf6 13. Bxf6 Rxf6 14. d4 Nc6 15. b4 Qf8 16. b5 Ne7 17. f4 fxe4 18. Bxe4 Bh3 19. Bg2 Bxg2 20. Kxg2 Nf5 21. Qd3 e4 22. Qb3 Qf7 23. Kg1 h5 24. d5 Qe7 25. Rbe1 Rff8 26. Qc3 Qf6 27. Qxf6 Rxf6 28. Nc3 e3 29. Kg2 Re8 30. h3 Rf7 31. Ne2 Rfe7 32. g4 hxg4 33. hxg4 Nh6 34. Kf3 Re4 35. Rc1 Nf7 36. g5 R4e7 37. Rfd1 Rf8 38. Kg3 Kg7 39. Nd4 Nd8 40. Kf3 Rh8 41. f5 Re5 42. c5 gxf5 43. cxd6 cxd6 44. Rc8 Kg6 45. Ne2 Kxg5 46. Rg1+ Kf6 47. Nf4 Rhe8 48. Rg6+ Kf7 49. Rc7+ R8e7 50. Rxe7+ Rxe7 51. Rxd6 Re4 52. Rxd8 Rxf4+ 53. Kxe3 Re4+ 54. Kf3 Ke7 55. Rb8 Ra4 56. Rxb7+ Kd6 57. Rf7 Ke5 58. d6 Ra3+ 59. Ke2 Rxa2+ 60. Kd3 1/2-1/2

[Event "Gatineau op"]
[Site "Gatineau CAN"]
[Date "2013.03.02"]
[Round "2"]
[White "Desjardins, Michel"]
[Black "Wan, Kevin"]
[Result "0-1"]
[WhiteElo "1987"]
[BlackElo "2162"]
[PlyCount "77"]
[GameId "2160767909381454"]
[EventDate "2013.03.01"]
[EventType "swiss"]
[EventRounds "5"]
[EventCountry "CAN"]
[SourceTitle "EXT 2022"]
[Source "ChessBase"]
[SourceDate "2021.10.06"]
[SourceVersion "1"]
[SourceVersionDate "2021.10.06"]
[SourceQuality "1"]

1. e4 e6 2. d4 d5 3. e5 c5 4. c3 Nc6 5. Nf3 Qb6 6. a3 Nh6 7. b4 cxb4 8. cxb4 Nf5 9. Be3 Be7 10. Bd3 Nxe3 11. fxe3 f6 12. exf6 Bxf6 13. Nc3 O-O 14. O-O a6 15. Kh1 Bd7 16. Rc1 Be8 17. Na4 Qc7 18. Nc5 Qe7 19. Qe2 e5 20. dxe5 Bxe5 21. Nxe5 Rxf1+ 22. Rxf1 Nxe5 23. Bb1 Bb5 24. Qc2 g6 25. Re1 b6 26. Nb3 Nd3 27. Qd2 Nxe1 28. Qxd5+ Kg7 29. Qxa8 Qf6 30. Qb7+ Kh6 31. Nd2 Bc6 32. Qc7 Nxg2 33. e4 Qg5 34. Qxc6 Qxd2 35. h3 Nf4 36. Qc2 Qe1+ 37. Kh2 Ne2 38. Kg2 Qg1+ 39. Kf3 0-1

[Event "Gatineau op"]
[Site "Gatineau CAN"]
[Date "2013.03.02"]
[Round "2"]
[White "Gagnon, Serge"]
[Black "Adriaanse, Adam"]
[Result "1-0"]
[WhiteElo "2010"]
[BlackElo "1907"]
[PlyCount "85"]
[GameId "2160767909381455"]
[EventDate "2013.03.01"]
[EventType "swiss"]
[EventRounds "5"]
[EventCountry "CAN"]
[SourceTitle "EXT 2022"]
[Source "ChessBase"]
[SourceDate "2021.10.06"]
[SourceVersion "1"]
[SourceVersionDate "2021.10.06"]
[SourceQuality "1"]

1. d4 d5 2. c4 c6 3. Nf3 Nf6 4. Nc3 e6 5. Bg5 Nbd7 6. e3 Bb4 7. cxd5 exd5 8. Qa4 Qb6 9. O-O-O O-O 10. Bd3 Re8 11. Qc2 h6 12. Bh4 Bxc3 13. bxc3 Ne4 14. Nd2 Ndf6 15. f3 Nxd2 16. Bxf6 gxf6 17. Qxd2 f5 18. Bc2 Bd7 19. e4 Qa6 20. exf5 Re2 21. Qd3 Qxd3 22. Bxd3 Rxg2 23. Rhg1 Rxg1 24. Rxg1+ Kh8 25. Kd2 Re8 26. Rg3 Rg8 27. f6 Rg5 28. Ke3 Rh5 29. Kf4 Rxh2 30. Ke5 Rh5+ 31. Kd6 Be6 32. Kc7 Rh2 33. a4 Rd2 34. f4 Rf2 35. f5 Bxf5 36. Bxf5 Rxf5 37. Kxb7 Rxf6 38. a5 Rf1 39. Kxa7 Rb1 40. a6 Rb5 41. Ka8 Kh7 42. a7 f5 43. Re3 1-0

[Event "Gatineau op"]
[Site "Gatineau CAN"]
[Date "2013.03.02"]
[Round "2"]
[White "Guimond, Michel"]
[Black "Scantland, Patrick"]
[Result "1-0"]
[WhiteElo "1941"]
[BlackElo "1837"]
[PlyCount "47"]
[GameId "2160767909381456"]
[EventDate "2013.03.01"]
[EventType "swiss"]
[EventRounds "5"]
[EventCountry "CAN"]
[SourceTitle "EXT 2022"]
[Source "ChessBase"]
[SourceDate "2021.10.06"]
[SourceVersion "1"]
[SourceVersionDate "2021.10.06"]
[SourceQuality "1"]

1. e4 c5 2. Nf3 d6 3. d4 cxd4 4. Nxd4 Nf6 5. Nc3 a6 6. Bc4 e6 7. a4 Be7 8. Bb3 O-O 9. O-O Bd7 10. f4 Nc6 11. h3 Nxd4 12. Qxd4 Rc8 13. Be3 Qc7 14. f5 exf5 15. exf5 Rfe8 16. Nd5 Nxd5 17. Qxd5 Rf8 18. Rad1 Bc6 19. Qd3 Rfd8 20. f6 Bxf6 21. Rxf6 gxf6 22. Bh6 d5 23. Qf3 Qe5 24. Qg4+ 1-0

[Event "Gatineau op"]
[Site "Gatineau CAN"]
[Date "2013.03.02"]
[Round "2"]
[White "Hambleton, Aman"]
[Black "Doubleday, William"]
[Result "1-0"]
[WhiteElo "2584"]
[BlackElo "2025"]
[PlyCount "49"]
[GameId "2160767909381457"]
[EventDate "2013.03.01"]
[EventType "swiss"]
[EventRounds "5"]
[EventCountry "CAN"]
[SourceTitle "EXT 2022"]
[Source "ChessBase"]
[SourceDate "2021.10.06"]
[SourceVersion "1"]
[SourceVersionDate "2021.10.06"]
[SourceQuality "1"]

1. d4 d5 2. c4 c6 3. Nc3 Nf6 4. e3 e6 5. Nf3 Nbd7 6. Qc2 Bd6 7. e4 dxe4 8. Nxe4 Nxe4 9. Qxe4 Nf6 10. Qh4 c5 11. Bd3 cxd4 12. O-O b6 13. Re1 Bb7 14. Ne5 Qc7 15. Bf4 h6 16. b4 g5 17. Bxg5 hxg5 18. Qxh8+ Ke7 19. Ng6+ fxg6 20. Qg7+ Kd8 21. Qxf6+ Qe7 22. Qxg6 e5 23. Be4 Bxe4 24. Qxe4 Rc8 25. Qd5 1-0

[Event "Gatineau op"]
[Site "Gatineau CAN"]
[Date "2013.03.02"]
[Round "2"]
[White "Lavergne, Daniel"]
[Black "Valdizon, Armando"]
[Result "0-1"]
[WhiteElo "1683"]
[BlackElo "2225"]
[PlyCount "56"]
[GameId "2160767909381459"]
[EventDate "2013.03.01"]
[EventType "swiss"]
[EventRounds "5"]
[EventCountry "CAN"]
[SourceTitle "EXT 2022"]
[Source "ChessBase"]
[SourceDate "2021.10.06"]
[SourceVersion "1"]
[SourceVersionDate "2021.10.06"]
[SourceQuality "1"]

1. e4 g6 2. d4 Bg7 3. f4 c6 4. Nf3 d5 5. exd5 cxd5 6. Bb5+ Nc6 7. O-O Qb6 8. Nc3 e6 9. Bxc6+ Qxc6 10. Qe2 Ne7 11. Qb5 Bd7 12. Qxc6 Bxc6 13. Be3 Nf5 14. Bf2 h5 15. Rfe1 Rc8 16. Ne5 O-O 17. Re2 Rfd8 18. Rd1 Be8 19. h3 h4 20. Nf3 Bf6 21. Nh2 Rc4 22. Nf3 Rdc8 23. Ne5 Rb4 24. Nxd5 exd5 25. c3 Rb6 26. Ng4 Bg7 27. Rde1 Bb5 28. Rd2 Ne3 0-1

[Event "Gatineau op"]
[Site "Gatineau CAN"]
[Date "2013.03.02"]
[Round "2"]
[White "Lebrun, Roger"]
[Black "Smilovici, Emil"]
[Result "1-0"]
[WhiteElo "1924"]
[BlackElo "2010"]
[PlyCount "81"]
[GameId "2160767909381460"]
[EventDate "2013.03.01"]
[EventType "swiss"]
[EventRounds "5"]
[EventCountry "CAN"]
[SourceTitle "EXT 2022"]
[Source "ChessBase"]
[SourceDate "2021.10.06"]
[SourceVersion "1"]
[SourceVersionDate "2021.10.06"]
[SourceQuality "1"]

1. e4 e5 2. Nf3 Nc6 3. Bb5 Nf6 4. O-O Nxe4 5. d4 Nd6 6. Bxc6 dxc6 7. dxe5 Nf5 8. Qxd8+ Kxd8 9. b3 a5 10. Bb2 Be7 11. Rd1+ Ke8 12. Nbd2 c5 13. c4 h6 14. h3 Be6 15. Ne4 b6 16. Nc3 c6 17. Ne4 Rd8 18. g4 Nh4 19. Nxh4 Bxh4 20. f4 g6 21. Nd6+ Ke7 22. Rd3 h5 23. f5 gxf5 24. gxf5 Rhg8+ 25. Kh1 Bc8 26. Rad1 Ba6 27. e6 f6 28. Nf7 Rxd3 29. Rxd3 Bc8 30. Nd6 Ba6 31. Ne4 Rd8 32. Rxd8 Kxd8 33. Bxf6+ Bxf6 34. Nxf6 Bc8 35. Kg2 b5 36. Kf3 bxc4 37. bxc4 Ba6 38. Kf4 Bxc4 39. a3 Bd3 40. Ke5 Bf1 41. Kd6 1-0

[Event "Gatineau op"]
[Site "Gatineau CAN"]
[Date "2013.03.02"]
[Round "2"]
[White "Libersan, Mattieu"]
[Black "Sun, Mike"]
[Result "1-0"]
[WhiteElo "1934"]
[BlackElo "2120"]
[PlyCount "49"]
[GameId "2160767909381461"]
[EventDate "2013.03.01"]
[EventType "swiss"]
[EventRounds "5"]
[EventCountry "CAN"]
[SourceTitle "EXT 2022"]
[Source "ChessBase"]
[SourceDate "2021.10.06"]
[SourceVersion "1"]
[SourceVersionDate "2021.10.06"]
[SourceQuality "1"]

1. e4 c5 2. a3 Nc6 3. b4 cxb4 4. d4 bxa3 5. Nxa3 g6 6. Nf3 Bg7 7. Bc4 d6 8. O-O Bg4 9. Bxf7+ Kf8 10. Bc4 Nxd4 11. Nxd4 Bxd1 12. Ne6+ Ke8 13. Nxg7+ Kd7 14. Bb5+ Kc8 15. Ne6 Qa5 16. Rxd1 Nf6 17. Bd2 Qb6 18. Be3 Qa5 19. Rdb1 Kb8 20. Nc4 Qc3 21. Bd4 Qxc2 22. Bc6 b6 23. Rxb6+ Kc8 24. Rb7 Ne8 25. Rab1 1-0

[Event "Gatineau op"]
[Site "Gatineau CAN"]
[Date "2013.03.02"]
[Round "2"]
[White "Libersan, Thierry"]
[Black "Dunne, Francesco"]
[Result "0-1"]
[WhiteElo "2113"]
[BlackElo "1859"]
[PlyCount "68"]
[GameId "2160767909381462"]
[EventDate "2013.03.01"]
[EventType "swiss"]
[EventRounds "5"]
[EventCountry "CAN"]
[SourceTitle "EXT 2022"]
[Source "ChessBase"]
[SourceDate "2021.10.06"]
[SourceVersion "1"]
[SourceVersionDate "2021.10.06"]
[SourceQuality "1"]

1. e4 c5 2. Nf3 d6 3. d4 cxd4 4. Qxd4 Nc6 5. Bb5 Bd7 6. Bxc6 Bxc6 7. Nc3 e6 8. Bg5 Qc7 9. O-O-O Rc8 10. Rd2 Qa5 11. Kb1 b5 12. Re1 Bb7 13. Qd3 Ba6 14. Qe3 b4 15. Nd5 Rc5 16. Nd4 Bc4 17. Nb3 Bxb3 18. axb3 Ne7 19. Bxe7 Bxe7 20. Nxe7 Kxe7 21. Qd4 Rc6 22. Re3 Ra6 23. c4 Qg5 24. Rg3 Qf6 25. Qd3 Rc8 26. c5 Rac6 27. cxd6+ Kd7 28. Rf3 Qg6 29. e5 Rc1+ 30. Ka2 R8c5 31. Rxf7+ Qxf7 32. Qa6 Kd8 33. d7 Qg6 34. Rd3 Qxd3 0-1

[Event "Gatineau op"]
[Site "Gatineau CAN"]
[Date "2013.03.02"]
[Round "2"]
[White "Oussedik, Elias"]
[Black "Yang, Ryan2"]
[Result "1-0"]
[WhiteElo "2253"]
[BlackElo "1866"]
[PlyCount "61"]
[GameId "2160767909381463"]
[EventDate "2013.03.01"]
[EventType "swiss"]
[EventRounds "5"]
[EventCountry "CAN"]

1. d4 Nf6 2. c4 e6 3. Nf3 c5 4. d5 exd5 5. cxd5 d6 6. Nc3 g6 7. h3 Bg7 8. e4 O-O 9. Bd3 b6 10. O-O Ba6 11. Re1 Bxd3 12. Qxd3 Re8 13. Bf4 a6 14. a4 Qc7 15. e5 Nh5 16. exd6 Rxe1+ 17. Rxe1 Qd8 18. Qe4 Nd7 19. Nd2 Bxc3 20. bxc3 Ndf6 21. Qf3 Nxf4 22. Qxf4 Nxd5 23. Qe5 Nf6 24. Re3 Nd7 25. Qg3 Nf8 26. Re7 Ne6 27. Qf3 Qf8 28. Ne4 Rd8 29. Nf6+ Kh8 30. Nxh7 Rxd6 31. Nxf8 1-0

[Event "Gatineau op"]
[Site "Gatineau CAN"]
[Date "2013.03.02"]
[Round "2"]
[White "Pacey, Kevin"]
[Black "Jobin, Gilles G"]
[Result "1-0"]
[WhiteElo "2208"]
[BlackElo "2018"]
[PlyCount "39"]
[GameId "2160767909381464"]
[EventDate "2013.03.01"]
[EventType "swiss"]
[EventRounds "5"]
[EventCountry "CAN"]
[SourceTitle "EXT 2022"]
[Source "ChessBase"]
[SourceDate "2021.10.06"]
[SourceVersion "1"]
[SourceVersionDate "2021.10.06"]
[SourceQuality "1"]

1. Nf3 g6 2. d4 Bg7 3. e4 d6 4. Nc3 a6 5. a4 Nd7 6. Be3 e6 7. Qd2 b6 8. Bg5 Ne7 9. Bh6 O-O 10. h4 Nf6 11. h5 gxh5 12. g4 Nxg4 13. Bxg7 Kxg7 14. Qg5+ Ng6 15. Qxh5 Nf6 16. Qh6+ Kh8 17. e5 dxe5 18. dxe5 Nxe5 19. Nxe5 Qe7 20. Nc6 1-0